Horrid Henry / (Record no. 3519)

MARC details
000 -LEADER
fixed length control field 00846nam a22002537a 4500
001 - CONTROL NUMBER
control field 3519
003 - CONTROL NUMBER IDENTIFIER
control field FISKH
005 - DATE AND TIME OF LATEST TRANSACTION
control field 20250115154327.0
008 - FIXED-LENGTH DATA ELEMENTS--GENERAL INFORMATION
fixed length control field 240315b cb ||||| |||| 00| 0 eng d
040 ## - CATALOGING SOURCE
Original cataloging agency FISK
Language of cataloging eng
Transcribing agency FISK
Modifying agency FISK
050 ## - LIBRARY OF CONGRESS CALL NUMBER
Classification number PZ7.S604
082 ## - DEWEY DECIMAL CLASSIFICATION NUMBER
Classification number 823.92
100 ## - MAIN ENTRY--PERSONAL NAME
Personal name Simon Francesca
Dates associated with a name 1955-
245 ## - TITLE STATEMENT
Title Horrid Henry /
Statement of responsibility, etc. Francesca simon
260 ## - PUBLICATION, DISTRIBUTION, ETC.
Place of publication, distribution, etc. Britain :
Name of publisher, distributor, etc. Orion Children's Books,
Date of publication, distribution, etc. 1994
300 ## - PHYSICAL DESCRIPTION
Extent 90 pages :
Other physical details illustrations,
Dimensions 20 cm
490 ## - SERIES STATEMENT
Materials specified Laugh out loud stories!
Series statement Book 4
505 ## - FORMATTED CONTENTS NOTE
Formatted contents note K
520 ## - SUMMARY, ETC.
Summary, etc. Horrid Henry causes his brother Perfect Peter all sorts of problems when he behaves properly for a change, upstages Peter at a dance recital, plays pirates, and goes on a camping trip.
521 8# - TARGET AUDIENCE NOTE
Target audience note 550
Source Lexile
700 ## - ADDED ENTRY--PERSONAL NAME
Personal name Francesca Simon
942 ## - ADDED ENTRY ELEMENTS (KOHA)
Source of classification or shelving scheme Dewey Decimal Classification
Koha item type Books
Suppress in OPAC No
Holdings
Withdrawn status Lost status Source of classification or shelving scheme Damaged status Not for loan Collection Home library Current library Shelving location Date acquired Total Checkouts Full call number Barcode Date last seen Copy number Price effective from Koha item type Date due Date last checked out
    Dewey Decimal Classification     Juvenile Fiction Footprints International School Library Network Toul Kork Campus Footprints International School Library Network Toul Kork Campus   03/15/2024   SIM PZ7.S604 823.92 2024-0344 03/15/2024 1 03/15/2024 Books    
    Dewey Decimal Classification     Juvenile Fiction Footprints International School Library Network Toul Kork Campus Footprints International School Library Network Toul Kork Campus TK Primary Library Room(4th Floor), Bookcase 3&4, Shelves 17-32, Yellow Books 01/15/2025 1 SIM PZ7.S604 823.92 FISTK02889 04/03/2026 2 01/15/2025 Books 04/17/2026 04/03/2026